000 00621cam a2200217 i 4500
001 4152455
005 20180222034211.0
008 771220s1979 dcua b f001 0 eng
010 _a 77608323
040 _aDLC
_cDLC
_dDLC
041 _aeng
043 _an-us-md
_an-us-de
080 _a551.792 bro
082 0 0 _a551.792 bro
100 _a42
101 _ageo
245 0 4 _aThe Parsonsburg Sand in the central Delmarva Peninsula, Maryland and Delaware /
_cby Charles S. Denny ... [et al.].
504 _aBibliography: p. 16.
906 _a7
_bcbc
_corignew
_d1
_encip
_f19
_gy-gencatlg
942 _2ddc
_cBK
999 _c43112
_d43112